000 00348nam a22001337a 4500
003 OSt
005 20220114161035.0
008 220114b |||||||| |||| 00| 0 eng d
040 _cHU
082 _a620.01
100 _aGordijn
_928089
245 _aValue Based Requirements Engineering Exploring Innovative E- Commerce Ideas
942 _2ddc
_cBOOKS
_n0
999 _c27170
_d27170